| 000 | 00652cam a22002054a 4500 | ||
|---|---|---|---|
| 005 | 20250605164311.0 | ||
| 008 | 250528s ||||||||||||||||||||||||d | ||
| 035 | _a22474 | ||
| 020 | _a9789606706417 | ||
| 040 |
_aGR-AtMCL _bgre _dGR-AtMCL _eAACR2 |
||
| 245 | 1 | _aΣΤΑΤΙΣΤΙΚΗ ΤΟΜΟΣ Α ΠΕΡΙΓΡΑΦΙΚΗ ΣΤΑΤΙΣΤΙΚΗ ΠΙΘΑΝΟΤΗΤΕΣ ΣΤΑΤΙΣΤΙΚΗ ΣΥΜΠΕΡΑΣΜΑΤΟΛΟΓΙΑ | |
| 250 | _a1 | ||
| 260 |
_bΣοφια, _c2011 |
||
| 300 | _a592 | ||
| 700 | 1 |
_aΑγγελης Βασιλης _98293 |
|
| 700 | 1 |
_aΔημακη Κατερινα _98294 |
|
| 942 | _cBK | ||
| 999 |
_c7526 _d7526 |
||